Miasta w województwie mazowieckim - Statystyki

Ogólne statystyki
  • Ten quiz został rozwiązany 124 razy
    32 od ostatniego zresetowania
  • Średni wynik to 70 z 114
Statystyki odpowiedzi
Miasto Liczba mieszkańców % Poprawnych
Mława 30 680
100%
Płock 109 349
100%
Pruszków 65 886
100%
Radom 192 838
100%
Siedlce 74 504
100%
Warszawa 1 864 035
100%
Ciechanów 41 326
91%
Grodzisk Mazowiecki 35 365
91%
Legionowo 52 034
91%
Mińsk Mazowiecki 39 580
91%
Nowy Dwór Mazowiecki 28 413
91%
Otwock 43 320
91%
Pułtusk 18 943
91%
Wołomin 35 217
91%
Wyszków 25 743
91%
Marki 46 676
82%
Ostrołęka 47 443
82%
Ostrów Mazowiecka 21 324
82%
Piaseczno 51 584
82%
Płońsk 21 353
82%
Sulejówek 21 669
82%
Tłuszcz 8055
82%
Ząbki 45 654
82%
Brok 1688
73%
Józefów 21 175
73%
Kobyłka 28 700
73%
Łochów 6519
73%
Maków Mazowiecki 8731
73%
Ożarów Mazowiecki 16 209
73%
Piastów 22 671
73%
Przasnysz 16 105
73%
Radzymin 15 605
73%
Serock 5441
73%
Sochaczew 32 941
73%
Sokołów Podlaski 18 156
73%
Zielonka 18 031
73%
Białobrzegi 6347
64%
Garwolin 17 274
64%
Góra Kalwaria 12 294
64%
Gostynin 16 566
64%
Grójec 16 720
64%
Halinów 3675
64%
Kałuszyn 2665
64%
Konstancin-Jeziorna 16 719
64%
Kosów Lacki 1954
64%
Kozienice 15 138
64%
Łomianki 18 190
64%
Łosice 6742
64%
Małkinia Górna 4918
64%
Milanówek 16 300
64%
Pionki 15 680
64%
Przysucha 5143
64%
Różan 2561
64%
Sierpc 16 640
64%
Węgrów 11 662
64%
Zwoleń 7001
64%
Błonie 12 177
55%
Jadów 897
55%
Latowicz 1330
55%
Lipsko 4870
55%
Nasielsk 7295
55%
Podkowa Leśna 3734
55%
Siennica 2284
55%
Stanisławów 1770
55%
Szydłowiec 10 325
55%
Warka 11 864
55%
Żuromin 8353
55%
Żyrardów 38 306
55%
Bieżuń 1668
45%
Brwinów 14 664
45%
Cegłów 2356
45%
Chorzele 2870
45%
Ciepielów 706
45%
Czerwińsk nad Wisłą 976
45%
Dobre 1821
45%
Drobin 2597
45%
Gąbin 4082
45%
Gielniów 767
45%
Głowaczów 800
45%
Iłża 4138
45%
Jastrząb 1184
45%
Jedlnia-Letnisko 3963
45%
Karczew 9120
45%
Kazanów 396
45%
Łaskarzew 4421
45%
Maciejowice 1407
45%
Magnuszew 973
45%
Mogielnica 2102
45%
Mordy 1552
45%
Mrozy 3606
45%
Mszczonów 5989
45%
Myszyniec 3154
45%
Nowe Miasto 1509
45%
Nowe Miasto nad Pilicą 3397
45%
Odrzywół 991
45%
Pilawa 4419
45%
Przytyk 902
45%
Raciąż 3878
45%
Sienno 948
45%
Skaryszew 4444
45%
Sochocin 1880
45%
Solec nad Wisłą 894
45%
Staroźreby 2154
45%
Tarczyn 4369
45%
Wiskitki 1474
45%
Wyśmierzyce 861
45%
Zakroczym 3097
45%
Żelechów 3625
45%
Bodzanów 1126
36%
Glinojeck 2739
36%
Lubowidz 1471
36%
Sanniki 1701
36%
Wyszogród 2330
36%
Osieck 1114
27%
Nie znaleziono quizów pasujących do podanych kryteriów
Rozkład punktacji
Procent ludzi z każdym wynikiem
Percentyl według liczby udzielonych odpowiedzi
Twoja historia wyników
Nie rozwiązałeś tego quizu od ostatniego zresetowania